Clic Est-ce que ce plat contient du fromage ? - Statistiques

Statistiques générales
  • Ce quiz a été pris 126 fois
  • Le résultat moyen est 37 sur 60
Statistiques - réponses
Hint Explanation Réponse % Correct
Cheeseburger Etats-Unis OUI
99%
Canard laqué Chine NON
94%
Fondue savoyarde France OUI
92%
Anchoïade France - anchois NON
91%
Croque-monsieur France OUI
89%
Gratin savoyard France OUI
88%
Tartiflette France OUI
88%
Pizza calzone Italie OUI
86%
Anguille au vert Belgique NON
85%
Poutine Canada OUI
85%
Gougère France OUI
84%
Aligot France OUI
84%
Lasagnes Italie OUI
83%
Gaspacho Espagne - Légumes NON
79%
Bisque France - A base de crabe NON
78%
Pommes dauphine France - Pdt NON
77%
Cheesecake Etats-Unis OUI
77%
Chile con queso Etats-Unis OUI
76%
Nachos Etats-Unis OUI
75%
Breakfast sandwich Etats-Unis OUI
72%
Sauce andalouse France NON
71%
Gratin de palmiste France - Réunion OUI
70%
Poulet à la comtoise France OUI
70%
Khatchapouri Géorgie OUI
69%
Mitraillette Belgique - Viande et frites NON
68%
Poulet vallée d'Auge France NON
64%
Ahriche Maroc - tripes NON
64%
Gnocchis Italie - Pdt NON
62%
Pastrami Etats-Unis NON
59%
Fondue bourguignonne France NON
58%
Amala Nigeria - Igname NON
58%
Gejang Corée - A base de crabe NON
57%
Ostkaka Suède OUI
56%
Truffade France OUI
55%
Potjevleesch Flandres - Viande NON
54%
Œufs Toupinel France - Oeuf et Pdt NON
54%
Pastilla Maroc - pigeon NON
54%
Paskha Russie OUI
54%
Beguni Inde - Légumes NON
53%
Berthoud France OUI
51%
Almogrote Canaries OUI
51%
Calentica Algérie - Pois chiches NON
50%
Fesikh Egypte - Rouget NON
50%
Sauce Mornay France OUI
50%
Gulab jamun Inde OUI
49%
Batata harra Liban - Pdt NON
45%
Liptauer Slovaquie OUI
43%
Frico Italie OUI
41%
Malakoff Suisse OUI
41%
Gujia Inde OUI
41%
Chupe Pérou - Viande et légumes NON
40%
Kohuke Est de l'Europe OUI
39%
Pastizz Malte OUI
38%
Picalili Belgique - Légumes NON
35%
Flaune France OUI
35%
Cervelle de canut France OUI
33%
Juicy Lucy Etats-Unis OUI
33%
Barfi Afrique-du-Sud OUI
29%
Obatzda Allemagne OUI
27%
Bauernfrühstück Allemagne - Pdt NON
24%
Aucun quiz correspondant
Distribution des résultats
% des personnes avec chaque résultat
Percentile par nombre de réponses
Votre historique - résultats
Vous n’avez pas pris ce quiz